[Event "Wch U16"]
[Site "Khanty-Mansiysk"]
[Date "2016.10.03"]
[Round "11"]
[White "Hsieh, Wen Chin"]
[Black "Zubehhin, Aleksei"]
[Result "0-1"]
[WhiteElo "1063"]
[BlackElo "1866"]
[PlyCount "48"]
[EventDate "2016.09.22"]
[EventType "swiss"]
[EventRounds "11"]
[EventCountry "RUS"]
[SourceTitle "EXT 2017"]
[Source "ChessBase"]
[SourceDate "2016.10.25"]
[SourceVersion "1"]
[SourceVersionDate "2016.10.25"]
[SourceQuality "1"]

1. e4 c5 2. Nc3 d6 3. g3 g6 4. Bg2 Bg7 5. f4 Nc6 6. Nf3 e6 7. d3 Nge7 8. Be3 0-0 9. 0-0 b6 10. Qd2 d5 11. Nd1 Ba6 12. e5 f6 13. exf6 Bxf6 14. Bh3 Qd6 15. Re1 Rae8 16. c3 Nf5 17. d4 cxd4 18. Nxd4 Nfxd4 19. Bxd4 e5 20. Be3 d4 21. Nf2 Qc7 22. cxd4 exd4 23. Bxd4 Nxd4 24. Bf1 Nf3+ 0-1

[Event "Wch U16"]
[Site "Khanty-Mansiysk"]
[Date "2016.09.29"]
[Round "7"]
[White "Min, Po Yen"]
[Black "Zubehhin, Aleksei"]
[Result "1-0"]
[WhiteElo "1842"]
[BlackElo "1866"]
[PlyCount "47"]
[EventDate "2016.09.22"]
[EventType "swiss"]
[EventRounds "11"]
[EventCountry "RUS"]
[SourceTitle "EXT 2017"]
[Source "ChessBase"]
[SourceDate "2016.10.25"]
[SourceVersion "1"]
[SourceVersionDate "2016.10.25"]
[SourceQuality "1"]

1. e4 e6 2. d4 d5 3. Nd2 Nf6 4. e5 Nfd7 5. Bd3 c5 6. c3 Nc6 7. Ne2 f6 8. exf6 Nxf6 9. 0-0 Qb6 10. Nf3 Bd6 11. Rb1 0-0 12. Bf4 Bxf4 13. Nxf4 cxd4 14. cxd4 Qc7 15. Ne2 e5 16. dxe5 Nxe5 17. Nxe5 Qxe5 18. Ng3 h5 19. Qe2 Qd4 20. Rbd1 Qh4 21. Bg6 Bg4 22. f3 Bd7 23. Qe5 Be8 24. Rd4 1-0

[Event "EST-ch U16"]
[Site "Tallinn"]
[Date "2016.05.21"]
[Round "5"]
[White "Uibokant, Mathias Robert"]
[Black "Zubehhin, Aleksei"]
[Result "1/2-1/2"]
[WhiteElo "1686"]
[BlackElo "1850"]
[PlyCount "59"]
[EventDate "2016.05.19"]
[EventType "swiss"]
[EventRounds "7"]
[EventCountry "EST"]
[SourceTitle "EXT 2018"]
[Source "ChessBase"]
[SourceDate "2017.10.13"]
[SourceVersion "1"]
[SourceVersionDate "2017.10.13"]
[SourceQuality "1"]

1. Nf3 g6 2. g3 Bg7 3. Bg2 d5 4. 0-0 e5 5. d3 Ne7 6. Nbd2 h6 7. e4 d4 8. Ne1 0-0 9. Nb3 Qd6 10. f4 f6 11. Nf3 a5 12. Kh1 c5 13. fxe5 fxe5 14. Nbd2 a4 15. b3 b5 16. Bb2 Nbc6 17. a3 Bg4 18. h3 Be6 19. Kh2 Nc8 20. Nh4 N8e7 21. Rxf8+ Bxf8 22. g4 Bg7 23. Bf1 Na5 24. bxa4 c4 25. c3 cxd3 26. axb5 Rc8 27. Rc1 Rc5 28. a4 Qc7 29. cxd4 exd4+ 30. Kg2 1/2-1/2

[Event "EST-ch U16"]
[Site "Tallinn"]
[Date "2016.05.20"]
[Round "3"]
[White "Chukavin, Kirill"]
[Black "Zubehhin, Aleksei"]
[Result "1-0"]
[WhiteElo "2123"]
[BlackElo "1850"]
[PlyCount "67"]
[EventDate "2016.05.19"]
[EventType "swiss"]
[EventRounds "7"]
[EventCountry "EST"]
[SourceTitle "EXT 2018"]
[Source "ChessBase"]
[SourceDate "2017.10.13"]
[SourceVersion "1"]
[SourceVersionDate "2017.10.13"]
[SourceQuality "1"]

1. e4 e6 2. d4 d5 3. Nc3 Bb4 4. e5 c5 5. a3 Bxc3+ 6. bxc3 Ne7 7. Qg4 0-0 8. Bd3 c4 9. Bh6 Ng6 10. Bxg6 fxg6 11. Be3 Nc6 12. h4 Rf5 13. Ne2 Bd7 14. Ng3 h5 15. Qh3 Qa5 16. Kd2 Rf7 17. Ne2 Raf8 18. f4 Ne7 19. g4 Qa6 20. Ng3 Be8 21. gxh5 gxh5 22. Nxh5 Nf5 23. Rhg1 Kh8 24. Rg5 g6 25. Nf6 Rxf6 26. exf6 Rxf6 27. h5 gxh5 28. Rxh5+ Bxh5 29. Qxh5+ Rh6 30. Qe8+ Kh7 31. Qf7+ Kh8 32. Rg1 Rh2+ 33. Ke1 Qxa3 34. Rg8# 1-0

[Event "EST-ch U18"]
[Site "Narva"]
[Date "2016.04.15"]
[Round "4"]
[White "Zubehhin, Aleksei"]
[Black "Lumiste, Rene"]
[Result "1/2-1/2"]
[WhiteElo "1813"]
[BlackElo "2038"]
[PlyCount "71"]
[EventDate "2016.04.14"]
[EventType "swiss"]
[EventRounds "7"]
[EventCountry "EST"]
[SourceTitle "EXT 2018"]
[Source "ChessBase"]
[SourceDate "2017.10.13"]
[SourceVersion "1"]
[SourceVersionDate "2017.10.13"]
[SourceQuality "1"]

1. d4 Nf6 2. c4 c5 3. d5 e5 4. Nc3 d6 5. e4 Be7 6. Nf3 0-0 7. Be2 Ne8 8. Be3 f5 9. exf5 Bxf5 10. 0-0 Nd7 11. Nd2 Bg5 12. Nde4 Bxe3 13. fxe3 Bxe4 14. Nxe4 Rxf1+ 15. Qxf1 Ndf6 16. Ng3 g6 17. Qf2 Kg7 18. Rf1 Qe7 19. e4 Nc7 20. Qe3 Ng8 21. Rf2 Rf8 22. h3 Rxf2 23. Kxf2 Qf6+ 24. Bf3 Qf4 25. Qc3 b6 26. a3 Nf6 27. Qc2 a6 28. b3 a5 29. Ne2 Qh4+ 30. Kf1 h5 31. Nc3 Qf4 32. Ne2 Qe3 33. Qc3 Qxc3 34. Nxc3 Kh6 35. Kf2 Kg5 36. g3 1/2-1/2

[Event "Narva Baltic Stars"]
[Site "Narva"]
[Date "2015.12.13"]
[Round "5"]
[White "Shirokov, Alexander"]
[Black "Zubehhin, Aleksei"]
[Result "1-0"]
[WhiteElo "1925"]
[BlackElo "1716"]
[PlyCount "57"]
[EventDate "2015.12.09"]
[EventType "team-tourn"]
[EventRounds "5"]
[EventCountry "EST"]
[SourceTitle "CBM 170 Extra"]
[Source "ChessBase"]
[SourceDate "2016.02.25"]
[SourceVersion "1"]
[SourceVersionDate "2016.02.25"]
[SourceQuality "1"]

1. c4 g6 2. g3 Bg7 3. Bg2 Nf6 4. Nc3 0-0 5. Nf3 d6 6. d4 Nc6 7. b3 e5 8. Bb2 Nd7 9. dxe5 Ndxe5 10. Nxe5 Nxe5 11. 0-0 Rb8 12. Qd2 Bd7 13. h3 Bc6 14. Rad1 Nd7 15. e3 h5 16. f4 Nc5 17. e4 Re8 18. Rde1 Kh7 19. b4 Ne6 20. b5 Bd7 21. f5 Nc5 22. Nd5 g5 23. Bxg7 Kxg7 24. f6+ Kg6 25. h4 Ne6 26. Rf5 g4 27. Rg5+ Nxg5 28. Qxg5+ Kh7 29. Qg7# 1-0

[Event "EST-ch U18"]
[Site "Tallinn"]
[Date "2015.03.22"]
[Round "7"]
[White "Pedoson, Georg Aleksander"]
[Black "Zubehhin, Aleksei"]
[Result "0-1"]
[WhiteElo "1685"]
[BlackElo "1733"]
[PlyCount "70"]
[EventDate "2015.03.19"]
[EventType "swiss"]
[EventRounds "7"]
[EventCountry "EST"]
[SourceTitle "EXT 2016"]
[Source "ChessBase"]
[SourceDate "2015.10.08"]
[SourceVersion "1"]
[SourceVersionDate "2015.10.08"]
[SourceQuality "1"]

1. e4 e6 2. d4 d5 3. exd5 exd5 4. Bd3 Bd6 5. Nf3 Nf6 6. Bg5 0-0 7. 0-0 Bg4 8. h3 Bh5 9. c3 Nbd7 10. Nbd2 c6 11. Re1 Qc7 12. Qc2 Rfe8 13. a4 Bg6 14. b4 Bxd3 15. Qxd3 h6 16. Bxf6 Nxf6 17. Nb3 b6 18. a5 Ne4 19. Nfd2 f5 20. Nxe4 fxe4 21. Qd1 Rf8 22. Qd2 b5 23. Rf1 Rf6 24. Qe2 Raf8 25. f3 exf3 26. Rxf3 Rxf3 27. gxf3 Qf7 28. Nd2 Qf5 29. Re1 Rf6 30. Nf1 Qxh3 31. Qe8+ Kh7 32. Re3 Rg6+ 33. Kf2 Rg2+ 34. Ke1 Qh4+ 35. Kd1 Qf2 0-1

[Event "EST-ch U18"]
[Site "Tallinn"]
[Date "2015.03.19"]
[Round "1"]
[White "Tominga, Eke"]
[Black "Zubehhin, Aleksei"]
[Result "1/2-1/2"]
[WhiteElo "2036"]
[BlackElo "1733"]
[PlyCount "62"]
[EventDate "2015.03.19"]
[EventType "swiss"]
[EventRounds "7"]
[EventCountry "EST"]
[SourceTitle "EXT 2016"]
[Source "ChessBase"]
[SourceDate "2015.10.08"]
[SourceVersion "1"]
[SourceVersionDate "2015.10.08"]
[SourceQuality "1"]

1. e4 e6 2. d4 d5 3. Nc3 Bb4 4. e5 c5 5. a3 Bxc3+ 6. bxc3 Ne7 7. Qg4 0-0 8. h4 Qa5 9. Bd2 Qa4 10. Rh3 Nf5 11. Bd3 cxd4 12. Nf3 Nc6 13. cxd4 Ncxd4 14. Kd1 Bd7 15. h5 Bb5 16. Bxf5 Nxf5 17. Qxa4 Bxa4 18. g4 Ne7 19. Bb4 Rfe8 20. Bxe7 Rxe7 21. Kd2 Rc8 22. Nd4 f6 23. f4 fxe5 24. fxe5 Rf8 25. c3 Rf4 26. Rg3 Re4 27. Re1 Rxe1 28. Kxe1 Bd7 29. Ke2 Rf7 30. Rf3 Rxf3 31. Kxf3 h6 1/2-1/2

[Event "EU Union-ch U15 12th"]
[Site "Mureck"]
[Date "2014.08.01"]
[Round "3"]
[White "Zunic, Gregor"]
[Black "Zubehhin, Aleksei"]
[Result "1/2-1/2"]
[WhiteElo "1587"]
[BlackElo "1658"]
[PlyCount "56"]
[EventDate "2014.07.30"]
[EventType "swiss"]
[EventRounds "9"]
[EventCountry "AUT"]
[SourceTitle "CBM 161 Extra"]
[Source "ChessBase"]
[SourceDate "2014.08.29"]
[SourceVersion "1"]
[SourceVersionDate "2014.08.29"]
[SourceQuality "1"]

1. c4 Nf6 2. Nc3 d6 3. g3 g6 4. Bg2 Bg7 5. e4 0-0 6. Nge2 c5 7. 0-0 Nc6 8. d3 a6 9. f4 Nd4 10. Nxd4 cxd4 11. Ne2 e5 12. f5 Nd7 13. Qe1 Nc5 14. Qd1 a5 15. g4 g5 16. h4 h6 17. hxg5 hxg5 18. Rf3 f6 19. Rh3 Kf7 20. b3 Bd7 21. Ba3 Qb6 22. Bxc5 dxc5 23. a4 Rh8 24. Qc2 Rxh3 25. Bxh3 Rh8 26. Kg2 Bc6 27. Kg3 Bd7 28. Kg2 Bc6 1/2-1/2